| 000 | 00376cas a2200145 4500 | ||
|---|---|---|---|
| 008 | 091222n eng u | ||
| 022 | _a03886182 | ||
| 035 | _a(Sirsi) a168090 | ||
| 050 | _aQE1.45 | ||
| 245 | _aScientific Reports of The Institute of Geoscience | ||
| 260 |
_bJapan _cUniversity of Tsukuba |
||
| 310 | _aAnnual | ||
| 362 | _avol.25, 2004 | ||
| 650 | _aGeoscience | ||
| 999 |
_c8996 _d8996 |
||